Duże państwa ze słabą gospodarką - Statystyki

Ogólne statystyki
  • Ten quiz został rozwiązany 13 582 razy
    5 108 od ostatniego zresetowania
  • Średni wynik to 11 z 20
Statystyki odpowiedzi
Różnica rankingu Państwo % Poprawnych
77 Demokratyczna Republika Konga
87%
114 Niger
82%
123 Czad
74%
87 Kongo
71%
104 Mongolia
70%
90 Mali
68%
73 Libia
66%
114 Mauretania
62%
109 Somalia
62%
111 Sudan Południowy
61%
112 Namibia
57%
83 Mozambik
54%
125 Republika Środkowoafrykańska
52%
70 Zimbabwe
51%
72 Botswana
48%
69 Madagaskar
45%
65 Boliwia
33%
64 Erytrea
22%
77 Papua Nowa Gwinea
21%
70 Surinam
10%
Nie znaleziono quizów pasujących do podanych kryteriów
Rozkład punktacji
Procent ludzi z każdym wynikiem
Percentyl według liczby udzielonych odpowiedzi
Twoja historia wyników
Nie rozwiązałeś tego quizu od ostatniego zresetowania